000
00271nam a22001097a 4500
040
_c
SK
082
_a
813
100
_a
BLANK
245
_a
ROAD DESIGN STANDARD; សិក្សាគំរោងថ្នល់បទដ្ឋាន
260
_a
NA
_b
BLA
_c
1999
942
_c
EK
999
_c
9238
_d
9238